Loading...
Fine Arts - Classical Music | 4 | 7.50 | 75% | 0% | 0% |
Fine Arts - Other Fine Arts | 3 | 23.33 | 100% | 100% | 33% |
Fine Arts - Visual Fine Arts | 3 | 16.67 | 100% | 67% | 0% |
Geography/Current Events | 3 | 20.00 | 100% | 100% | 0% |
History - American History | 4 | 20.00 | 100% | 100% | 0% |
History - European History | 8 | 10.00 | 88% | 13% | 0% |
History - Other History | 5 | 20.00 | 100% | 60% | 40% |
History - World History | 2 | 10.00 | 100% | 0% | 0% |
Literature - American Literature | 3 | 13.33 | 100% | 33% | 0% |
Literature - British Literature | 9 | 11.11 | 78% | 33% | 0% |
Literature - European Literature | 6 | 10.00 | 100% | 0% | 0% |
Literature - World/Other Literature | 4 | 12.50 | 100% | 25% | 0% |
Mythology | 6 | 16.67 | 83% | 83% | 0% |
Other Academic | 2 | 20.00 | 100% | 100% | 0% |
Philosophy | 6 | 6.67 | 50% | 17% | 0% |
Pop Culture | 1 | 20.00 | 100% | 100% | 0% |
Religion | 5 | 10.00 | 100% | 0% | 0% |
Science - Biology | 5 | 24.00 | 100% | 80% | 60% |
Science - Chemistry | 8 | 13.75 | 100% | 38% | 0% |
Science - Other Science | 6 | 11.67 | 100% | 17% | 0% |
Science - Physics | 7 | 14.29 | 100% | 43% | 0% |
Social Science | 6 | 13.33 | 100% | 33% | 0% |
World/Other Literature> | 1 | 10.00 | 100% | 0% | 0% |